00346nam a2200133 a 45000010010000000030011000100080041000210350026000620820016000881000019001042450037001232600039001606500013001990000-8788ELIB.Books110520 1938  a(ELIB.Books)0000-8934 a200.1 bMoo aMoore, John M. aTheories of Religious Experience bNew York: Round table Press c1938 aReligion